International code of zoological nomenclature
Gorde:
| Egile nagusia: | |
|---|---|
| Formatua: | Liburua |
| Hizkuntza: | ingelesa |
| Argitaratua: |
Londres
International Trust for Zoological Nomenclature. University of California Press
1985
|
| Edizioa: | 3a. ed |
| Gaiak: | |
| Etiketak: |
Etiketa erantsi
Etiketarik gabe, Izan zaitez lehena erregistro honi etiketa jartzen!
|
MARC
| LEADER | 00000nam a2200000 a 4500 | ||
|---|---|---|---|
| 001 | UCV5236 | ||
| 003 | CL-VaPUC | ||
| 008 | 920929e19850000UK |||||||||||||||||eng|d | ||
| 082 | 0 | 4 | |a 591.012 |b RID |2 21 |
| 100 | 0 | |a Ride, W. D. L |e author |9 299551 | |
| 245 | 1 | 0 | |a International code of zoological nomenclature |
| 246 | 1 | 0 | |a Code international de nomenclature zoologique |
| 250 | |a 3a. ed | ||
| 300 | |a 338 p | ||
| 942 | |c BK | ||
| 945 | |d 19920929 00:00:00 | ||
| 260 | |a Londres |b International Trust for Zoological Nomenclature. University of California Press |c 1985 | ||
| 500 | |a Nomenclatura adoptada por la 20a. Asamblea General de la International Union of Biological Sciences | ||
| 650 | 0 | |a Zoología |9 261613 | |
| 650 | 7 | |a NOMENCLATURA |2 CL-VaPUC |9 261911 | |
| 583 | |a last modification |c 19920929 00:00:00 |k Rodrigo Vera | ||
| 999 | |c 211815 |d 211813 | ||